How to make sense of urban capacity (Record no. 65972)

MARC details
000 -LEADER
fixed length control field 01210cam a2200253 4500
001 - CONTROL NUMBER
control field ABS63459
008 - FIXED-LENGTH DATA ELEMENTS--GENERAL INFORMATION
fixed length control field 000000n2001 000 0 eng u
035 ## - SYSTEM CONTROL NUMBER
System control number (Sirsi) u110700
100 ## - MAIN ENTRY--PERSONAL NAME
Personal name Baker, J.
245 ## - TITLE STATEMENT
Title How to make sense of urban capacity
260 ## - PUBLICATION, DISTRIBUTION, ETC.
Date of publication, distribution, etc. 2001
490 ## - SERIES STATEMENT
Series statement Planning (for the Natural and Built Environment)
Volume/sequential designation (1402) 19 January 2001, 14-15(2)
520 ## - SUMMARY, ETC.
Summary, etc. Discusses the government's advice on urban capacity studies, published as "Tapping the potential: assessing urban housing capacity: towards better practice". Whilst this document is welcomed as a useful review to the principles of carrying out urban capacity studies concern is expressed that there are problems with the guidelines prepared by the DETR. An interpretation of the key points of these guidelines is also given. Copies of "Tapping the potential" are available from the DETR, Tel: 0870 122 6236.
590 ## - LOCAL NOTE (RLIN)
Local note ABS
650 ## - SUBJECT ADDED ENTRY--TOPICAL TERM
Topical term or geographic name entry element DETR
650 ## - SUBJECT ADDED ENTRY--TOPICAL TERM
Topical term or geographic name entry element GOOD PRACTICE
650 ## - SUBJECT ADDED ENTRY--TOPICAL TERM
Topical term or geographic name entry element HOUSING CAPACITY
650 ## - SUBJECT ADDED ENTRY--TOPICAL TERM
Topical term or geographic name entry element HOUSING DENSITY
650 ## - SUBJECT ADDED ENTRY--TOPICAL TERM
Topical term or geographic name entry element HOUSING DEVELOPMENT
650 ## - SUBJECT ADDED ENTRY--TOPICAL TERM
Topical term or geographic name entry element PPG3
650 ## - SUBJECT ADDED ENTRY--TOPICAL TERM
Topical term or geographic name entry element URBAN CAPACITY STUDIES
690 ## - LOCAL SUBJECT ADDED ENTRY--TOPICAL TERM (OCLC, RLIN)
Topical term or geographic name as entry element ENVIRONMENTAL AND LAND CONSULTANCY-PLANNING AND DEVELOPMENT
942 ## - ADDED ENTRY ELEMENTS (KOHA)
Suppress in OPAC 0
Holdings
Withdrawn status Lost status Source of classification or shelving scheme Damaged status Not for loan Home library Current library Shelving location Date acquired Total Checkouts Full call number Barcode Date last seen Copy number Price effective from Koha item type
    Dewey Decimal Classification     London London Journal article 01/02/2001   ABS63459 110700-1001 06/08/2019 1 06/08/2019 Journal article